| 000 | 00478cam a2200193ua 4500 | ||
|---|---|---|---|
| 020 | _c47.50 | ||
| 041 |
_aeng _h |
||
| 082 |
_a621.4021 _bMAT/TH |
||
| 100 | _aMathur, M L. | ||
| 245 |
_aThermodynamics and heat power engineering / _cM.L.Mathur. _hTextual Documents |
||
| 250 |
_a5 / _b. |
||
| 260 |
_aNew Delhi : _bJain Brothers , _c1986. |
||
| 300 | _a858 ; . | ||
| 365 | _a47.50 | ||
| 504 | _a | ||
| 700 | 1 | _aMehta, F.S . | |
| 942 | _cBK | ||
| 999 |
_c12229 _d12229 |
||